Logo BPK

Biblioteka

Politechniki Koszalińskiej

Oddziaływanie przetworzonych odpadów materiałów organicznych na glebę i roślinę. (Rekord nr 28822)

Szczegóły MARC
000 -ETYKIETA REKORDU
podpole kontrolne o stałej długości 00453nam a2200145 i 4500
001 - NUMER KONTROLNY REKORDU
pole kontrolne bg
040 ## - ŹRÓDŁO KATALOGOWANIA
Instytucja, która utworzyła rekord BPK
041 ## - KOD JĘZYKA
Kod języka tekstu pol
008 - POLE O STAŁEJ DŁUGOŚCI - DANE KONTROLNE
podpole kontrolne o stałej długości s pl f |000 0 pol
245 #0 - TYTUŁ/ODPOWIEDZIALNOŚĆ
Tytuł Oddziaływanie przetworzonych odpadów materiałów organicznych na glebę i roślinę.
260 ## - STREFA ADRESU WYDAWNICZEGO
Miejsce wydania Warszwa,
Data publikacji, dystrybucji/powstania dokumentu 1989.
490 1# - STREFA SERII I DOKUMENTU WIELOCZĘŚCIOWEGO - FORMA NIE DO WYSZUKIWANIA
Tytuł i oznaczenie odpowiedzialności serii Zeszyty Problemowe Postępów Nauk Rolniczych ;
Numeracja w obrębie serii z.370
830 ## - HASŁO DODATKOWE SERII LUB DOKUMENTU WIELOCZĘŚCIOWEGO - TYTUŁ UJEDNOLICONY
Tytuł ujednolicony Zeszyty Problemowe Postępów Nauk Rolniczych ;
856 ## - LOKALIZACJA I DOSTĘP DO ELEKTRONICZNYCH DOKUMENTÓW ZDALNYCH
Link (URL) http://koha.tu.koszalin.pl/cgi-bin/koha/opac-detail.pl?biblionumber=28822
Tekst linku Katalog online BPK
942 ## - DODATKOWE ELEMENTY (KOHA)
Typ dokumentu Książka
Egzemplarze
Wycofany Status egzemplarza Uszkodzony Dostępność Lokalizacja stała Lokalizacja bieżąca Miejsce przechowywania Sygnatura Kod kreskowy Typ dokumentu
      Dostępny Biblioteka Politechniki Koszalińskiej Biblioteka Politechniki Koszalińskiej Wypożyczalnia BG 34740 01609929 Książka
© 2023 Biblioteka Politechniki Koszalińskiej :: KOHA